Derecho de alimentos

Spremljeno u:
Bibliografski detalji
Glavni autor: Zavala Guzmán, Simón (Autor)
Format: Knjiga
Jezik:španjolski
Izdano: Quito Universitaria 1976
Teme:
Oznake: Dodaj oznaku
Bez oznaka, Budi prvi tko označuje ovaj zapis!

MARC

LEADER 00000nam a2200000 a 4500
001 UCS1186
003 CL-VaPUC
008 970509e19760000EC |||||||||||||||||spa|d
082 0 4 |a 346.017  |b ZAV  |2 21 
100 0 |a Zavala Guzmán, Simón  |e author  |9 385407 
245 1 0 |a Derecho de alimentos 
300 |a 405 p 
942 |c BK 
945 |d 19970509 00:00:00  |a cmena 
260 |a Quito  |b Universitaria  |c 1976 
650 0 |a Derecho civil  |9 255013 
650 0 |a Derecho privado  |9 258243 
650 7 |a MATRIMONIO  |2 CL-VaPUC  |9 385408 
650 0 |a Alimentos  |9 256203 
650 0 |a Familias   |9 255641 
650 0 |a Adopción  |9 255783 
650 0 |a Juicio de alimentos  |9 336568 
650 0 |a Código civil  |9 256135 
650 7 |a DERECHO ECUATORIANO  |2 CL-VaPUC  |9 385409 
650 0 |a Jurisprudencia  |9 255952 
650 7 |a LEGISLACION  |2 CL-VaPUC  |9 385410 
651 0 |a Ecuador  |9 258378 
583 |a last modification  |c 19970509 00:00:00  |k Rodrigo Vera 
999 |c 259288  |d 259286 
952 |0 0  |1 0  |4 0  |6 346_017000000000000_ZAV_1976  |7 0  |8 A  |9 283937  |a BIBDER  |b BIBDER  |d 2019-11-19  |i 1849069  |o 346.017 ZAV 1976  |p 1849069  |r 2023-01-25  |w 2019-11-19  |y BK  |k DER